[Event "Open Praha 2018 - A"]
[Site "?"]
[Date "2018.01.17"]
[Round "7"]
[White "Akshat, Khamparia"]
[Black "Jurcik, Marian"]
[Result "1/2-1/2"]
[BlackElo "2460"]
[WhiteElo "2381"]
[LiveChessVersion "1.4.8"]

1. d4 {[%clk 1:27:46]} e6 2. c4 {[%clk 1:28:12]} Nf6 {[%clk 1:30:53]} 3. Nc3
{[%clk 1:28:06]} Bb4 {[%clk 1:28:26]} 4. Qc2 {[%clk 1:28:29]} O-O
{[%clk 1:27:56]} 5. e4 {[%clk 1:25:20]} d6 {[%clk 1:22:15]} 6. Bd3 e5 7. d5
{[%clk 1:18:42]} c6 {[%clk 1:11:23]} 8. Nge2 {[%clk 1:16:43]} cxd5
{[%clk 1:05:24]} 9. cxd5 {[%clk 1:14:34]} a6 {[%clk 1:04:38]} 10. h3
{[%clk 1:12:02]} Nbd7 {[%clk 1:00:00]} 11. a3 {[%clk 1:01:41]} Bc5
{[%clk 0:59:22]} 12. g4 {[%clk 1:00:07]} b5 {[%clk 0:51:08]} 13. Ng3
{[%clk 0:56:27]} b4 {[%clk 0:48:00]} 14. axb4 {[%clk 0:53:46]} Bxb4
{[%clk 0:48:27]} 15. g5 {[%clk 0:48:23]} Ne8 {[%clk 0:48:36]} 16. h4
{[%clk 0:48:24]} Nc5 {[%clk 0:46:18]} 17. Be2 {[%clk 0:48:36]} Nc7
{[%clk 0:38:07]} 1/2-1/2

[Event "Open Praha 2018 - A"]
[Site "?"]
[Date "2018.01.17"]
[Round "7"]
[White "Chekletsov, Ilya"]
[Black "Low, Zhen Yu Cyrus"]
[Result "1-0"]
[BlackElo "2437"]
[WhiteElo "2373"]
[LiveChessVersion "1.4.8"]

1. d4 {[%clk 1:30:56]} Nf6 {[%clk 1:30:54]} 2. c4 {[%clk 1:31:22]} e6
{[%clk 1:31:14]} 3. g3 {[%clk 1:31:47]} d5 {[%clk 1:31:39]} 4. Bg2
{[%clk 1:32:13]} dxc4 {[%clk 1:32:03]} 5. Nf3 {[%clk 1:32:32]} Nc6
{[%clk 1:32:29]} 6. O-O {[%clk 1:28:54]} Rb8 {[%clk 1:32:43]} 7. a4
{[%clk 1:29:19]} b6 {[%clk 1:33:09]} 8. Bg5 {[%clk 1:26:09]} Be7 {[%clk 1:32:25]}
9. e3 {[%clk 1:25:14]} O-O {[%clk 1:31:00]} 10. Qe2 {[%clk 1:24:03]} Ba6
{[%clk 1:31:06]} 11. Nc3 {[%clk 1:14:29]} h6 {[%clk 1:25:03]} 12. Bxf6
{[%clk 1:14:18]} Bxf6 {[%clk 1:25:02]} 13. Rad1 {[%clk 1:14:13]} Qc8
{[%clk 1:13:13]} 14. Nd2 {[%clk 0:47:38]} Na5 {[%clk 1:10:35]} 15. f4
{[%clk 0:47:19]} c5 {[%clk 0:58:35]} 16. Nde4 {[%clk 0:46:46]} Be7
{[%clk 0:58:57]} 17. d5 {[%clk 0:42:23]} exd5 {[%clk 0:54:55]} 18. Nxd5
{[%clk 0:42:47]} Re8 {[%clk 0:54:58]} 19. Nec3 {[%clk 0:40:08]} Bf8
{[%clk 0:49:55]} 20. Qh5 {[%clk 0:39:41]} Bb7 {[%clk 0:40:59]} 21. Bh3
{[%clk 0:30:04]} Qd8 {[%clk 0:36:00]} 22. Bd7 {[%clk 0:22:28]} Re6
{[%clk 0:36:07]} 23. Bxe6 {[%clk 0:19:04]} fxe6 {[%clk 0:36:31]} 24. Nb4
{[%clk 0:19:33]} Qc8 {[%clk 0:33:56]} 25. Nc2 {[%clk 0:18:44]} a6
{[%clk 0:33:55]} 26. Qg6 {[%clk 0:06:52]} Qc6 {[%clk 0:30:28]} 27. e4
{[%clk 0:07:18]} b5 {[%clk 0:30:47]} 28. axb5 {[%clk 0:07:44]} axb5
{[%clk 0:31:14]} 29. f5 {[%clk 0:07:55]} b4 {[%clk 0:27:12]} 30. f6
{[%clk 0:06:24]} Qc7 {[%clk 0:23:16]} 31. fxg7 {[%clk 0:06:00]} Bxg7 32. Qxe6+
{[%clk 0:04:06]} Kh8 {[%clk 0:21:37]} 33. Nd5 {[%clk 0:03:32]} Qe5
{[%clk 0:20:43]} 34. Qg6 {[%clk 0:03:12]} Qe8 {[%clk 0:10:58]} 35. Rf7
{[%clk 0:02:05]} Qg8 {[%clk 0:11:13]} 36. Nf6 {[%clk 0:01:38]} Bxe4
{[%clk 0:11:38]} 37. Qxe4 {[%clk 0:02:04]} 1-0

[Event "Open Praha 2018 - A"]
[Site "?"]
[Date "2018.01.17"]
[Round "7"]
[White "Raahul, V S"]
[Black "Kalegin, Evgenij"]
[Result "1-0"]
[BlackElo "2426"]
[WhiteElo "2205"]
[LiveChessVersion "1.4.8"]

1. c4 {[%clk 1:30:49]} e5 {[%clk 1:30:53]} 2. g3 {[%clk 1:30:21]} d6
{[%clk 1:30:20]} 3. Bg2 {[%clk 1:30:43]} g6 {[%clk 1:30:41]} 4. d4
{[%clk 1:31:08]} Nd7 {[%clk 1:30:59]} 5. Nc3 {[%clk 1:30:33]} Bg7
{[%clk 1:31:12]} 6. Nf3 {[%clk 1:30:38]} Ngf6 {[%clk 1:30:17]} 7. O-O
{[%clk 1:27:36]} O-O {[%clk 1:30:37]} 8. b3 {[%clk 1:27:21]} exd4
{[%clk 1:24:58]} 9. Nxd4 {[%clk 1:27:28]} Re8 {[%clk 1:25:12]} 10. Bb2
{[%clk 1:26:04]} Nc5 {[%clk 1:19:43]} 11. Qc2 {[%clk 1:21:12]} c6
{[%clk 1:18:53]} 12. Rad1 {[%clk 1:15:05]} Qb6 {[%clk 1:16:13]} 13. Rfe1
{[%clk 1:13:27]} a5 {[%clk 1:13:57]} 14. Ba3 {[%clk 1:07:36]} Ng4
{[%clk 0:54:26]} 15. e3 {[%clk 0:59:59]} Ne5 {[%clk 0:49:42]} 16. Ne4
{[%clk 0:51:51]} Bg4 {[%clk 0:41:57]} 17. Rd2 {[%clk 0:51:00]} Nxe4
{[%clk 0:33:25]} 18. Bxe4 {[%clk 0:51:24]} Rad8 {[%clk 0:31:09]} 19. Bxd6
{[%clk 0:44:35]} c5 {[%clk 0:26:45]} 20. Bxe5 {[%clk 0:43:13]} Bxe5
{[%clk 0:21:07]} 21. Nf3 {[%clk 0:38:26]} Bg7 {[%clk 0:18:45]} 22. Red1
{[%clk 0:35:45]} Rxd2 {[%clk 0:18:45]} 23. Rxd2 {[%clk 0:36:09]} Qf6
{[%clk 0:14:42]} 24. Kg2 {[%clk 0:35:27]} Qe7 {[%clk 0:13:46]} 25. Bd5
{[%clk 0:34:24]} Bf5 {[%clk 0:13:03]} 26. Qc1 {[%clk 0:33:15]} g5
{[%clk 0:09:00]} 27. h4 {[%clk 0:24:31]} h6 {[%clk 0:08:45]} 28. hxg5
{[%clk 0:22:24]} hxg5 {[%clk 0:09:10]} 29. Qh1 {[%clk 0:22:45]} Bc3
{[%clk 0:02:41]} 30. Rd1 g4 {[%clk 0:02:54]} 31. Nh4 {[%clk 0:21:16]} Bh7
{[%clk 0:01:34]} 32. Kg1 {[%clk 0:19:02]} Rd8 {[%clk 0:01:45]} 33. Ng2
{[%clk 0:19:02]} Be4 {[%clk 0:00:44]} 34. Qh5 {[%clk 0:18:40]} 1-0

[Event "Open Praha 2018 - A"]
[Site "?"]
[Date "2018.01.17"]
[Round "7"]
[White "Kiriakov, Petr"]
[Black "Liu, Yi"]
[Result "1/2-1/2"]
[BlackElo "2337"]
[WhiteElo "2528"]
[LiveChessVersion "1.4.8"]

1. d4 {[%clk 1:30:57]} d5 {[%clk 1:30:55]} 2. c4 {[%clk 1:31:23]} e6
{[%clk 1:31:22]} 3. Nc3 {[%clk 1:31:39]} Nf6 {[%clk 1:30:37]} 4. cxd5
{[%clk 1:31:50]} exd5 {[%clk 1:30:44]} 5. Bg5 {[%clk 1:32:15]} Nbd7
{[%clk 1:29:54]} 6. e3 {[%clk 1:32:21]} Be7 {[%clk 1:29:59]} 7. Bd3
{[%clk 1:31:46]} c6 {[%clk 1:30:18]} 8. Qc2 {[%clk 1:30:15]} h6 {[%clk 1:30:26]}
9. Bh4 {[%clk 1:30:22]} Nh5 {[%clk 1:30:46]} 10. Bxe7 {[%clk 1:30:24]} Qxe7
{[%clk 1:31:13]} 11. O-O-O {[%clk 1:29:10]} Nb6 {[%clk 1:31:00]} 12. Kb1
{[%clk 1:25:46]} Nf6 {[%clk 1:30:18]} 13. h3 {[%clk 1:20:33]} Be6
{[%clk 1:29:22]} 14. Nf3 {[%clk 1:19:53]} O-O-O {[%clk 1:27:29]} 15. Rc1
{[%clk 1:19:05]} Kb8 {[%clk 1:27:21]} 16. Ka1 {[%clk 1:07:11]} Rc8
{[%clk 1:19:50]} 17. Na4 {[%clk 0:55:18]} Nxa4 {[%clk 1:19:34]} 18. Qxa4
{[%clk 0:55:44]} Nd7 {[%clk 1:12:44]} 19. Rc3 {[%clk 0:53:08]} Nb6
{[%clk 1:12:14]} 20. Qa5 {[%clk 0:42:42]} Rc7 {[%clk 1:10:56]} 21. Ne5
{[%clk 0:41:37]} Re8 {[%clk 1:07:25]} 22. Ra3 {[%clk 0:35:43]} Nc8
{[%clk 1:07:37]} 23. Rc1 {[%clk 0:35:11]} f6 {[%clk 1:05:58]} 24. Ng6
{[%clk 0:35:02]} Qd7 {[%clk 0:54:15]} 25. g4 {[%clk 0:30:48]} h5 {[%clk 0:53:43]}
26. gxh5 Bxh3 {[%clk 0:53:52]} 27. Nf4 {[%clk 0:30:20]} Bg4 {[%clk 0:44:07]} 28.
Bg6 {[%clk 0:23:54]} Rh8 {[%clk 0:41:58]} 29. Rb3 {[%clk 0:18:31]} Nb6
{[%clk 0:37:42]} 30. Ra3 {[%clk 0:17:12]} Nc8 {[%clk 0:38:07]} 31. Rb3
{[%clk 0:17:21]} Nb6 {[%clk 0:37:57]} 32. Nd3 {[%clk 0:16:53]} Nc4
{[%clk 0:32:05]} 33. Qb4 {[%clk 0:14:19]} Qc8 {[%clk 0:24:14]} 34. Nf4
{[%clk 0:06:57]} Bf5 {[%clk 0:13:46]} 35. Bxf5 {[%clk 0:07:02]} Qxf5
{[%clk 0:14:07]} 36. Qe1 {[%clk 0:07:09]} Re8 {[%clk 0:10:05]} 37. Qg1
{[%clk 0:06:52]} Nd2 {[%clk 0:08:52]} 38. Rbc3 {[%clk 0:07:13]} Ne4
{[%clk 0:08:27]} 39. R3c2 {[%clk 0:06:25]} Ng5 {[%clk 0:07:11]} 40. b4
{[%clk 0:01:35]} Ne6 {[%clk 0:03:49]} 41. Qg6 {[%clk 0:30:17]} Qxg6
{[%clk 0:34:09]} 42. Nxg6 {[%clk 0:30:41]} Nf8 {[%clk 0:27:00]} 43. Nf4
{[%clk 0:21:31]} Ne6 {[%clk 0:27:27]} 44. Ng6 {[%clk 0:21:36]} Nf8
{[%clk 0:27:55]} 45. Nf4 {[%clk 0:17:34]} 1/2-1/2

[Event "Open Praha 2018 - A"]
[Site "?"]
[Date "2018.01.17"]
[Round "7"]
[White "Luukkonen, Tommi"]
[Black "Pena Gomez, Manuel"]
[Result "0-1"]
[BlackElo "2491"]
[WhiteElo "2331"]
[LiveChessVersion "1.4.8"]

1. d4 Nf6 2. c4 g6 3. f3 Bg7 4. e4 d6 5. Ne2 O-O 6. Nec3 Nbd7 7. Bg5 e5 8. d5 a5
9. Nb5 Nc5 10. N1c3 h6 11. Bh4 Qd7 12. Qd2 Ne8 13. Be2 c6 14. Na3 Qc7 15. g4 a4
16. Rg1 Kh7 17. O-O-O Qa5 18. Kb1 Ra6 19. Be7 Rg8 20. Qc2 g5 21. h4 Qc7 22. Bxg5
hxg5 23. hxg5 Bh8 24. f4 Rg6 25. Bf3 Kg8 26. Rh1 exf4 27. Rxh8+ Kxh8 28. e5 dxe5
29. Qf2 Qb6 30. Nc2 Kg8 31. Qh4 Ra8 32. Be4 Rg7 33. Bf5 Qd8 34. Rh1 Kf8 35. Qh8+
Ke7 36. Rd1 Bxf5 37. gxf5 Rxg5 38. Qxe5+ Kf8 39. dxc6 Qf6 40. Qxc5+ Qe7 41. Qd4
bxc6 42. Ne4 Rh5 43. f6 Qe5 44. Qxe5 Rxe5 45. Rh1 Kg8 46. Rg1+ Kh7 47. Ng5+ Kg6
48. Nf3+ Kxf6 49. Nxe5 Kxe5 50. Re1+ Kf6 51. Nd4 Nd6 52. c5 Nb7 53. Rf1 Nxc5 54.
Rxf4+ Ke5 55. Rh4 Kd5 56. Nc2 Ne6 57. Ne3+ Kd6 58. Nc4+ Kc5 59. Kc2 f5 60. Kc3
Rg8 61. Na3 Rg3+ 62. Kd2 Nd4 63. Rf4 Kd5 64. Nb1 Rg2+ 65. Kd3 c5 66. Nc3+ Ke5 67.
Rh4 f4 68. Rh5+ Nf5 69. Nxa4 f3 70. Nxc5 Rxb2 71. Ne4 Kf4 72. Nd2 f2 73. Rh1 Ng3
74. Ra1 Rb8 75. Rd1 Ra8 76. Ra1 Rd8+ 77. Kc3 Ke3 0-1

[Event "Open Praha 2018 - A"]
[Site "?"]
[Date "2018.01.17"]
[Round "7"]
[White "Popov, Mikhail"]
[Black "Schippers, Maurice"]
[Result "0-1"]
[BlackElo "2309"]
[WhiteElo "2416"]
[LiveChessVersion "1.4.8"]

1. g3 {[%clk 1:30:57]} g6 {[%clk 1:30:43]} 2. Bg2 {[%clk 1:31:22]} Bg7
{[%clk 1:31:10]} 3. c4 {[%clk 1:29:58]} c5 {[%clk 1:31:06]} 4. Nc3
{[%clk 1:30:17]} Nc6 {[%clk 1:31:31]} 5. d3 {[%clk 1:29:32]} d6 {[%clk 1:30:50]}
6. a3 {[%clk 1:29:13]} Nf6 {[%clk 1:29:52]} 7. Rb1 {[%clk 1:29:06]} a5
{[%clk 1:28:49]} 8. Nf3 {[%clk 1:26:53]} O-O {[%clk 1:29:12]} 9. O-O
{[%clk 1:26:44]} Bd7 {[%clk 1:28:10]} 10. h3 {[%clk 1:25:12]} Nd4
{[%clk 1:16:14]} 11. Nxd4 {[%clk 0:54:34]} cxd4 {[%clk 1:16:38]} 12. Na2
{[%clk 0:50:46]} Bc6 {[%clk 1:15:33]} 13. b4 {[%clk 0:46:42]} Bxg2
{[%clk 1:11:14]} 14. Kxg2 {[%clk 0:47:06]} d5 {[%clk 1:10:47]} 15. c5
{[%clk 0:36:41]} axb4 {[%clk 1:10:14]} 16. Rxb4 {[%clk 0:34:38]} Nd7
{[%clk 1:09:04]} 17. Rxb7 {[%clk 0:34:20]} Nxc5 {[%clk 1:09:14]} 18. Rb4
{[%clk 0:29:44]} Qd7 {[%clk 1:05:30]} 19. Bb2 {[%clk 0:25:46]} e5
{[%clk 1:04:19]} 20. Qb1 {[%clk 0:25:14]} h5 {[%clk 1:00:49]} 21. Rc1
{[%clk 0:24:18]} Rfc8 {[%clk 0:57:06]} 22. Rc2 {[%clk 0:21:11]} h4
{[%clk 0:54:50]} 23. Qc1 {[%clk 0:15:24]} Bf8 {[%clk 0:53:38]} 24. Rb6
{[%clk 0:10:18]} Na4 {[%clk 0:36:26]} 25. Rb3 {[%clk 0:10:33]} hxg3
{[%clk 0:35:52]} 26. fxg3 {[%clk 0:10:44]} Be7 {[%clk 0:32:48]} 27. Ba1
{[%clk 0:06:47]} Rxc2 {[%clk 0:30:02]} 28. Qxc2 {[%clk 0:07:16]} Nc5
{[%clk 0:29:44]} 29. Rb1 {[%clk 0:07:13]} Rxa3 {[%clk 0:28:00]} 30. Rb8+
{[%clk 0:05:43]} Kg7 {[%clk 0:25:49]} 31. Qb1 {[%clk 0:02:59]} Qa7
{[%clk 0:21:49]} 32. Qb5 {[%clk 0:03:01]} Rxa2 {[%clk 0:13:54]} 33. Qe8
{[%clk 0:03:25]} Kf6 {[%clk 0:13:46]} 34. Qh8+ {[%clk 0:02:47]} Ke6
{[%clk 0:12:45]} 35. Qc8+ {[%clk 0:02:30]} Kd6 {[%clk 0:09:45]} 36. Bb2
{[%clk 0:02:51]} Qc7 {[%clk 0:09:02]} 37. Qe8 {[%clk 0:02:40]} Na4
{[%clk 0:06:35]} 38. Ra8 {[%clk 0:01:16]} Rxb2 {[%clk 0:06:19]} 39. Qxa4
{[%clk 0:01:32]} Qc6 {[%clk 0:02:11]} 40. Qa5 {[%clk 0:00:38]} Rb6
{[%clk 0:01:06]} 41. Ra7 {[%clk 0:27:18]} Ke6 {[%clk 0:29:50]} 42. Qd2
{[%clk 0:25:56]} Ra6 {[%clk 0:28:23]} 0-1

[Event "Open Praha 2018 - A"]
[Site "?"]
[Date "2018.01.17"]
[Round "7"]
[White "Mishuchkov, Nikolai"]
[Black "Lalic, Bogdan"]
[Result "1/2-1/2"]
[BlackElo "2415"]
[WhiteElo "2303"]
[LiveChessVersion "1.4.8"]

1. d4 {[%clk 1:30:57]} Nf6 {[%clk 1:28:19]} 2. Nf3 {[%clk 1:31:21]} g6
{[%clk 1:28:37]} 3. g3 {[%clk 1:31:43]} c5 {[%clk 1:28:52]} 4. c3
{[%clk 1:30:43]} b6 {[%clk 1:28:04]} 5. Bg2 {[%clk 1:31:08]} Bb7 {[%clk 1:28:30]}
6. O-O {[%clk 1:31:31]} Bg7 {[%clk 1:28:34]} 7. Qb3 {[%clk 1:25:22]} cxd4
{[%clk 1:26:02]} 8. Ne5 {[%clk 1:24:53]} d5 {[%clk 1:26:27]} 9. cxd4
{[%clk 1:24:27]} O-O {[%clk 1:26:49]} 10. Nc3 {[%clk 1:24:36]} Nc6
{[%clk 1:25:00]} 11. Nxc6 {[%clk 1:23:32]} 1/2-1/2

[Event "Open Praha 2018 - A"]
[Site "?"]
[Date "2018.01.17"]
[Round "7"]
[White "Nitish, Belurkar"]
[Black "Mihajlov, Sebastian"]
[Result "0-1"]
[BlackElo "2371"]
[WhiteElo "2270"]
[LiveChessVersion "1.4.8"]

1. d4 {[%clk 1:30:56]} Nf6 {[%clk 1:16:40]} 2. Nf3 {[%clk 1:31:16]} g6
{[%clk 1:16:42]} 3. Bg5 {[%clk 1:31:37]} Bg7 {[%clk 1:17:00]} 4. Nbd2
{[%clk 1:32:02]} O-O {[%clk 1:17:22]} 5. c3 {[%clk 1:32:28]} d6 {[%clk 1:17:19]}
6. e4 {[%clk 1:32:44]} h6 {[%clk 1:15:57]} 7. Bh4 {[%clk 1:32:47]} c5
{[%clk 1:15:24]} 8. dxc5 {[%clk 1:33:00]} dxc5 {[%clk 1:15:48]} 9. Bc4
{[%clk 1:33:25]} Nh5 {[%clk 1:15:38]} 10. O-O {[%clk 1:33:04]} Nc6
{[%clk 1:15:38]} 11. Re1 {[%clk 1:31:00]} Qc7 {[%clk 1:14:18]} 12. Qc2
{[%clk 1:30:38]} g5 {[%clk 1:11:42]} 13. Bg3 {[%clk 1:31:00]} Nxg3
{[%clk 1:12:09]} 14. hxg3 {[%clk 1:31:18]} Bg4 {[%clk 1:11:22]} 15. Nf1
{[%clk 1:24:46]} e6 {[%clk 1:08:24]} 16. Be2 {[%clk 1:21:54]} Bh5
{[%clk 1:04:03]} 17. Ne3 {[%clk 1:21:14]} a6 {[%clk 1:02:45]} 18. a4
{[%clk 1:18:02]} Rab8 {[%clk 1:00:07]} 19. Ne5 {[%clk 1:13:24]} Nxe5
{[%clk 0:51:52]} 20. Bxh5 {[%clk 1:13:40]} c4 {[%clk 0:52:19]} 21. Be2
{[%clk 1:12:26]} b5 {[%clk 0:51:48]} 22. axb5 {[%clk 1:01:35]} axb5
{[%clk 0:51:25]} 23. Red1 {[%clk 0:58:01]} Rfd8 {[%clk 0:49:38]} 24. b3
{[%clk 0:54:23]} Nc6 {[%clk 0:43:47]} 25. Rac1 {[%clk 0:42:43]} b4
{[%clk 0:41:48]} 26. Nxc4 {[%clk 0:40:16]} bxc3 {[%clk 0:42:11]} 27. e5
{[%clk 0:38:38]} Nxe5 {[%clk 0:38:28]} 28. Nxe5 {[%clk 0:37:49]} Bxe5
{[%clk 0:38:53]} 29. Bc4 {[%clk 0:37:45]} Kg7 {[%clk 0:37:14]} 30. Kf1
{[%clk 0:37:04]} Qc6 {[%clk 0:29:00]} 31. Qe2 {[%clk 0:36:12]} Bf6
{[%clk 0:28:43]} 32. Rd3 {[%clk 0:35:53]} Rxd3 {[%clk 0:29:06]} 33. Qxd3
{[%clk 0:34:38]} Rd8 {[%clk 0:27:48]} 34. Qe3 {[%clk 0:34:21]} Qd6
{[%clk 0:26:03]} 35. Qe4 {[%clk 0:33:51]} Qa3 {[%clk 0:25:31]} 36. Rc2
{[%clk 0:33:54]} Qa1+ {[%clk 0:25:51]} 0-1

[Event "Open Praha 2018 - A"]
[Site "?"]
[Date "2018.01.17"]
[Round "7"]
[White "Szpar, Milosz"]
[Black "Pushkov, Nikolai"]
[Result "1/2-1/2"]
[BlackElo "2298"]
[WhiteElo "2367"]
[LiveChessVersion "1.4.8"]

1. e4 e6 2. d4 d5 3. Nd2 a6 4. Ngf3 c5 5. dxc5 Bxc5 6. Bd3 Nc6 7. O-O Nf6 8. exd5
Qxd5 9. Nb3 Ba7 10. c4 Qd8 11. Qe2 O-O 12. Bg5 e5 13. Rad1 Qe7 14. Rfe1 Bg4 15.
h3 Bxf3 16. Qxf3 h6 17. Bxf6 Qxf6 18. Qxf6 gxf6 19. Be4 Nd4 20. Na5 Rab8 21. Nxb7
Rfc8 22. b3 Rc7 23. Nd6 Bc5 24. Nf5 Nxf5 25. Bxf5 Bd4 26. Re4 a5 27. Rh4 a4 28.
Rd3 axb3 29. axb3 Rcb7 30. Rxh6 Rxb3 31. Rxb3 Rxb3 32. Be4 Kg7 33. Rh7+ Kg8 34.
Rh6 Kg7 35. Rh7+ Kg8 1/2-1/2

[Event "Open Praha 2018 - A"]
[Site "?"]
[Date "2018.01.17"]
[Round "7"]
[White "Melamed, Tatiana"]
[Black "Hainke, Guntram"]
[Result "1/2-1/2"]
[BlackElo "2283"]
[WhiteElo "2347"]
[LiveChessVersion "1.4.8"]

1. e4 {[%clk 1:30:57]} Nf6 {[%clk 1:30:46]} 2. e5 {[%clk 1:30:29]} Nd5
{[%clk 1:31:07]} 3. c4 {[%clk 1:26:22]} Nb6 {[%clk 1:31:29]} 4. c5
{[%clk 1:26:17]} Nd5 {[%clk 1:31:42]} 5. d4 {[%clk 1:26:43]} e6 {[%clk 1:28:02]}
6. Nf3 {[%clk 1:24:33]} d6 {[%clk 1:24:03]} 7. cxd6 {[%clk 1:23:19]} cxd6
{[%clk 1:24:22]} 8. Bc4 {[%clk 1:21:52]} Nc6 {[%clk 1:19:30]} 9. O-O
{[%clk 1:18:57]} Be7 {[%clk 1:03:36]} 10. exd6 {[%clk 1:08:38]} Qxd6
{[%clk 1:03:17]} 11. Nc3 {[%clk 1:09:04]} Nxc3 {[%clk 0:58:12]} 12. bxc3
{[%clk 1:09:29]} O-O {[%clk 0:58:15]} 13. Ng5 {[%clk 1:04:28]} e5
{[%clk 0:43:20]} 14. d5 {[%clk 0:47:56]} Na5 {[%clk 0:40:21]} 15. Ne4
{[%clk 0:42:45]} Qg6 {[%clk 0:36:20]} 16. Bd3 {[%clk 0:34:15]} f5
{[%clk 0:32:54]} 17. Ng3 {[%clk 0:30:47]} Bd6 {[%clk 0:24:32]} 18. f4
{[%clk 0:26:59]} e4 {[%clk 0:24:07]} 19. Be2 {[%clk 0:26:26]} Bc5+
{[%clk 0:23:08]} 20. Kh1 {[%clk 0:26:35]} b6 {[%clk 0:23:02]} 21. Bb2
{[%clk 0:24:38]} Bd7 {[%clk 0:21:33]} 22. c4 {[%clk 0:24:11]} Rac8
{[%clk 0:21:44]} 23. Rc1 {[%clk 0:22:17]} Nb7 {[%clk 0:17:54]} 24. Nh5
{[%clk 0:19:55]} Rf7 {[%clk 0:18:07]} 25. Rc3 {[%clk 0:18:48]} Qd6
{[%clk 0:16:03]} 26. Rg3 {[%clk 0:15:52]} g6 {[%clk 0:16:23]} 27. Qd2
{[%clk 0:14:22]} Kf8 {[%clk 0:16:11]} 28. Qc3 {[%clk 0:13:03]} Ke7
{[%clk 0:16:00]} 29. Ng7 {[%clk 0:09:27]} Rg8 {[%clk 0:15:20]} 30. Nh5
{[%clk 0:09:25]} Rff8 {[%clk 0:13:38]} 31. Ng7 {[%clk 0:09:19]} Rf7
{[%clk 0:14:02]} 32. Nh5 {[%clk 0:09:08]} 1/2-1/2

[Event "Open Praha 2018 - A"]
[Site "?"]
[Date "2018.01.17"]
[Round "7"]
[White "Thakur, Akash"]
[Black "Michalczak, Thomas"]
[Result "1/2-1/2"]
[BlackElo "2208"]
[WhiteElo "2338"]
[LiveChessVersion "1.4.8"]

1. e4 {[%clk 1:30:58]} e5 {[%clk 1:30:01]} 2. Nf3 {[%clk 1:31:15]} Nc6
{[%clk 1:29:51]} 3. Nc3 {[%clk 1:31:37]} Nf6 {[%clk 1:30:13]} 4. d4
{[%clk 1:31:51]} exd4 {[%clk 1:30:38]} 5. Nxd4 {[%clk 1:32:15]} Bb4
{[%clk 1:30:59]} 6. Nxc6 {[%clk 1:32:21]} bxc6 {[%clk 1:31:23]} 7. Bd3
{[%clk 1:32:45]} O-O {[%clk 1:31:47]} 8. O-O {[%clk 1:33:05]} d5 {[%clk 1:32:13]}
9. exd5 {[%clk 1:33:25]} cxd5 {[%clk 1:32:38]} 10. h3 {[%clk 1:33:44]} c6
{[%clk 1:32:57]} 11. Qf3 {[%clk 1:34:04]} Bd6 {[%clk 1:33:22]} 12. Bf4
{[%clk 1:25:09]} Be6 {[%clk 1:33:47]} 13. Ne2 {[%clk 1:24:51]} c5
{[%clk 1:33:41]} 14. c3 {[%clk 1:20:48]} Rb8 {[%clk 1:33:22]} 15. b3
{[%clk 1:20:38]} a5 {[%clk 1:32:36]} 16. Rfd1 {[%clk 1:15:49]} Qc7
{[%clk 1:23:02]} 17. Bc2 {[%clk 1:11:01]} Be5 {[%clk 1:20:08]} 18. Rd2
{[%clk 1:06:22]} h6 {[%clk 1:15:26]} 19. Bxe5 {[%clk 0:50:02]} Qxe5
{[%clk 1:15:53]} 20. Nf4 {[%clk 0:50:06]} Rb4 {[%clk 1:06:20]} 21. Re2
{[%clk 0:32:55]} Qxf4 {[%clk 1:02:03]} 22. cxb4 {[%clk 0:32:45]} Qxf3
{[%clk 1:02:25]} 23. gxf3 {[%clk 0:33:12]} axb4 {[%clk 1:02:42]} 24. h4
{[%clk 0:29:29]} Nh5 {[%clk 0:43:14]} 25. Rd2 {[%clk 0:14:50]} Ra8
{[%clk 0:42:37]} 26. Bd3 {[%clk 0:12:30]} Nf4 {[%clk 0:42:36]} 27. Bf1
{[%clk 0:12:25]} Ra5 {[%clk 0:40:48]} 28. Rc1 {[%clk 0:12:16]} Bf5
{[%clk 0:40:40]} 29. Kh2 {[%clk 0:10:02]} g5 {[%clk 0:38:15]} 30. hxg5
{[%clk 0:09:50]} hxg5 {[%clk 0:38:44]} 31. Re1 {[%clk 0:09:59]} Kg7
{[%clk 0:38:39]} 32. Re7 {[%clk 0:08:18]} Bb1 {[%clk 0:35:27]} 33. Rb2
{[%clk 0:07:44]} Kf6 {[%clk 0:30:49]} 34. Rc7 {[%clk 0:06:49]} Bf5
{[%clk 0:25:52]} 35. Rc6+ {[%clk 0:07:02]} Ke5 {[%clk 0:25:55]} 36. Rd2
{[%clk 0:07:09]} Bd7 {[%clk 0:20:44]} 37. Rb6 {[%clk 0:06:35]} Ra8
{[%clk 0:18:46]} 38. Kg1 {[%clk 0:03:36]} 1/2-1/2